000 00529nam a2200181Ia 4500
999 _c13952
_d13952
003 OSt
005 20201016125351.0
008 190216s9999||||xx |||||||||||||| ||und||
020 _a0006169163
040 _coclc
082 _a823.912
_bCHR/D
100 _aChristie, Agatha
_95075
245 0 _aDestination Unknown /
_cAgatha Christie
260 _bHarper Collins Publishers,
_c1954.
_alondon :
300 _a214p
650 _aEnglish Short Stories
942 _cBK
_2ddc
_h823.912
_iCHR/D
_k823.912
_mCHR/D